| 000 | 00710cam a22002291 4500 | ||
|---|---|---|---|
| 001 | med47001080 | ||
| 003 | DLC | ||
| 005 | 20260227111601.0 | ||
| 008 | 810815s1946 xx a 000 0 fre | ||
| 010 | _amed47001080 | ||
| 035 | _a(OCoLC)14735385 | ||
| 040 |
_aDLC _cDNLM _dDLC |
||
| 042 | _apremarc | ||
| 050 | 0 | 0 |
_aRD772 _b.L43 |
| 060 | 0 |
_aWE 855 _bL663L 1946 |
|
| 100 | 1 |
_aLeveuf, Jacques Barthélémy, _d1885- |
|
| 245 | 1 | 0 |
_aLuxations et subluxations congénitales de la hanche; _bleur traitement basé sur l'arthrographie, _cpar Jacques Leveuf et Pierre Bertrand ... |
| 260 |
_aParis, _bDoin, _c1946. |
||
| 300 |
_a279 p. _bill. |
||
| 500 | _a"Rédigé en 1943." | ||
| 700 | 1 |
_aBertrand, Pierre, _d1897- |
|
| 999 |
_c38255 _d38255 |
||